| 000 | 00876cam a2200265 4500 | ||
|---|---|---|---|
| 008 | 090401t1995 xxu||||| |||| 00| 0 eng d | ||
| 020 | _a041917690X | ||
| 035 | _a(Sirsi) u85159 | ||
| 041 | _aeng | ||
| 050 | _a913.031 | ||
| 100 | _aMcGill, Greg | ||
| 245 | _aBuilding on the past: a guide to the archaeology and development process. | ||
| 260 |
_aLondon _bE & F N Spon _c1995 |
||
| 300 | _axix,371p. : ill. ; 26cm. | ||
| 350 | _a45 | ||
| 520 | _aExamination of the conflicts that can arise between archaeological development and the planning process. Provides a comprehensive overview of planning and environmental controls. | ||
| 650 | _aANCIENT MONUMENTS | ||
| 650 | _aARCHAEOLOGICAL SITES | ||
| 650 | _aDEVELOPMENT PROCESS | ||
| 650 | _aPLANNING PERMISSION | ||
| 650 | _aSITE EXCAVATION | ||
| 690 | _aCONSERVATION | ||
| 942 | _n0 | ||
| 948 | _c04/03/1997 | ||
| 999 |
_c97010 _d97010 |
||